<?xml version="1.0" encoding="UTF-8"?>
<record
    xmlns:xsi="http://www.w3.org/2001/XMLSchema-instance"
    xsi:schemaLocation="http://www.loc.gov/MARC21/slim http://www.loc.gov/standards/marcxml/schema/MARC21slim.xsd"
    xmlns="http://www.loc.gov/MARC21/slim">

  <leader>01183nam a22002297a 4500</leader>
  <controlfield tag="005">20221222144551.0</controlfield>
  <controlfield tag="008">221222b           ||||| |||| 00| 0 eng d</controlfield>
  <datafield tag="040" ind1=" " ind2=" ">
    <subfield code="c">AL</subfield>
  </datafield>
  <datafield tag="041" ind1=" " ind2=" ">
    <subfield code="a">English</subfield>
  </datafield>
  <datafield tag="082" ind1=" " ind2=" ">
    <subfield code="2">23</subfield>
    <subfield code="a">951</subfield>
    <subfield code="b">YINH</subfield>
  </datafield>
  <datafield tag="100" ind1=" " ind2=" ">
    <subfield code="a">Deng Yinke</subfield>
    <subfield code="9">67583</subfield>
  </datafield>
  <datafield tag="245" ind1=" " ind2=" ">
    <subfield code="a">History of China</subfield>
  </datafield>
  <datafield tag="260" ind1=" " ind2=" ">
    <subfield code="a">China</subfield>
    <subfield code="b">China Intercontinental Press,</subfield>
    <subfield code="c">2007</subfield>
  </datafield>
  <datafield tag="300" ind1=" " ind2=" ">
    <subfield code="a">171 p.</subfield>
    <subfield code="b">PB</subfield>
    <subfield code="c">25x16 cm.</subfield>
  </datafield>
  <datafield tag="520" ind1=" " ind2=" ">
    <subfield code="a">China has a long and brilliant history. Its documented history is coherent for 3,000 years and its undocumented history is clearly inherited orally for 5,000 years. Archeological discoveries can date back its history to 7,000 years and trace all stages of human development to 50,000 years. Chinas history and culture, together with her rivers and mountains, possess infinite charm, which is also the soft power of China. In this book the readers can go to a journey into the Chinese history, to visit the historic sites and ruins, to meet the historic figures, to feel the glory of history itself.</subfield>
  </datafield>
  <datafield tag="650" ind1=" " ind2=" ">
    <subfield code="a">History </subfield>
    <subfield code="9">67584</subfield>
  </datafield>
  <datafield tag="650" ind1=" " ind2=" ">
    <subfield code="a">China</subfield>
    <subfield code="9">67585</subfield>
  </datafield>
  <datafield tag="700" ind1=" " ind2=" ">
    <subfield code="a">YINKE (Deng)</subfield>
    <subfield code="9">67586</subfield>
  </datafield>
  <datafield tag="700" ind1=" " ind2=" ">
    <subfield code="a">AVERY (Martha)</subfield>
    <subfield code="9">67587</subfield>
  </datafield>
  <datafield tag="700" ind1=" " ind2=" ">
    <subfield code="a">YUE (Pan)</subfield>
    <subfield code="9">67588</subfield>
  </datafield>
  <datafield tag="942" ind1=" " ind2=" ">
    <subfield code="2">ddc</subfield>
    <subfield code="c">DB</subfield>
  </datafield>
  <datafield tag="999" ind1=" " ind2=" ">
    <subfield code="c">226058</subfield>
    <subfield code="d">226058</subfield>
  </datafield>
  <datafield tag="952" ind1=" " ind2=" ">
    <subfield code="0">0</subfield>
    <subfield code="1">0</subfield>
    <subfield code="2">ddc</subfield>
    <subfield code="4">0</subfield>
    <subfield code="7">0</subfield>
    <subfield code="8">HIS</subfield>
    <subfield code="a">AL</subfield>
    <subfield code="b">AL</subfield>
    <subfield code="d">2014-12-03</subfield>
    <subfield code="l">0</subfield>
    <subfield code="o">951 YINH</subfield>
    <subfield code="p">D05429</subfield>
    <subfield code="r">2022-12-22 00:00:00</subfield>
    <subfield code="w">2022-12-22</subfield>
    <subfield code="y">DB</subfield>
  </datafield>
</record>
